INDERBIR Singh’s textbook of human histology : with color atlas and practical guide
Enregistré dans:
| Auteur principal: | |
|---|---|
| Format: | Livre |
| Langue: | anglais |
| Publié: |
Jaypee Brothers Medical Publishers
2016
|
| Tags: |
Ajouter un tag
Pas de tags, Soyez le premier à ajouter un tag!
|
MARC
| LEADER | 00000nam a22000007a 4500 | ||
|---|---|---|---|
| 008 | 210420b ||||| |||| 00| 0 eng d | ||
| 020 | |a 978-93-85999-32-1 | ||
| 100 | |a Neelam Vasudeva | ||
| 245 | |a INDERBIR Singh’s textbook of human histology |b : with color atlas and practical guide |c Vasudeva, Neelam. | ||
| 250 | |b 8th |c Neelam Vasudeva, Sabita Mishra | ||
| 260 | |b Jaypee Brothers Medical Publishers |c 2016 |h New Delhi |i 689417 |l QM551 .In2 |m Human anatomy |m Histology. | ||
| 500 | |a “It includes index” | ||
| 942 | |a lcc |c BK |e Mr ogunleye |f 20/4/2021 | ||
| 952 | |0 0 |1 0 |2 lcc |4 0 |6 QM0551 I N2 |7 0 |9 2227 |a HOL |b HOL |d 2021-04-20 |l 0 |o QM551 .In2 |p 2021-6081 |r 2021-04-20 00:00:00 |w 2021-04-20 |y BK | ||
| 999 | |c 1162 |d 1162 | ||